Finnország helyzete az észak- európai turizmus piacán

Bibliographic Details
Main Author: Bódis Lilla Szilvia
Other Authors: Remenyik Dr Bulcsú
Format: Thesis
Kulcsszavak:Finnország
turizmus
Észak- Európa
Finnország részesedése
Finnország helyzete
Online Access:http://dolgozattar.uni-bge.hu/9989

MARC

LEADER 00000nta a2200000 i 4500
001 dolg9989
005 20170830110833.0
008 170428suuuu hu om 000 hun d
040 |a BGE Dolgozattár Repozitórium  |b hun 
041 |a hu 
100 1 |a Bódis Lilla Szilvia 
245 1 0 |a Finnország helyzete az észak- európai turizmus piacán  |c Bódis Lilla Szilvia  |h [elektronikus dokumentum] 
695 |a Finnország 
695 |a turizmus 
695 |a Észak- Európa 
695 |a Finnország részesedése 
695 |a Finnország helyzete 
700 1 |a Remenyik Dr Bulcsú  |e ths 
856 4 0 |u http://dolgozattar.uni-bge.hu/9989/1/Finnorsz%C3%A1g%20helyzete%20az%20%C3%A9szak-%20eur%C3%B3pai%20turizmus%20piac%C3%A1n-%20B%C3%B3dis%20Lilla%20Szilvia-%20Q2ZHKR.pdf  |z Dokumentum-elérés